000
00412nam a22001697a 4500
003
MPLRDC
005
20220104124646.0
008
210129b ||||| |||| 00| 0 eng d
082
_a
351.9 TSL
100
_a
童裳亮编著
245
_a
海洋生物趣谈
_c
250
_a
一版一刷
260
_a
_b
科学出版社
_c
1982
300
_b
平
650
_a
自然地理--海洋学
942
_c
BK
_o
351.9 TSL
999
_c
21108
_d
21098